书目信息 |
| 书名: | Fundamentals of optics | |
| 作者: | Francis A. Jenkins, Harvey E. White | |
| 分册号: | ||
| 分册名: | 出版地: | New York : |
|
| 出版社: | McGraw-Hill | |
| 出版时间: | c1976. | |
| 页数: | xx, 746 p. : | |
| 开本: | 25 cm. | |
| 丛书名: | ||
| 中图分类号: | ||
| 科图分类号: | ||
| 其他分类号: | H31:O436 | |
| 主题词: | ||
| 电子资源: | ||
| 000 | 01081nam 2200313 a 4500 | |
| 001 | E0731818991 | |
| 005 | 20070228085047.85 | |
| 008 | 750813s1976 nyua 00110 eng | |
| 008 | uu | |
| 010 | @a75026989 //r91 | |
| 020 | @a0070323305. | |
| 040 | @aDLC @cDLC @dDLC | |
| 049 | @aN5LA | |
| 050 | 00 | @aQC355.2 @b.J46 1976 |
| 082 | 00 | @a535 |
| 090 | @a2/O43/JFA/ 1976///////260678/*901009/-10/3cop./964275-6/cop.4-5 | |
| 090 | @aH31:O436 | |
| 096 | @aO43 @v2 | |
| 099 | @dH31:O436@ex2-4 | |
| 100 | 10 | @aJenkins, Francis A. @q(Francis Arthur), @d1899-1960. |
| 245 | 10 | @aFundamentals of optics / @cFrancis A. Jenkins, Harvey E. White |
| 250 | @a4th ed. | |
| 260 | 0 | @aNew York :@bMcGraw-Hill,@cc1976. |
| 300 | @axx, 746 p. :@bill. ;@c25 cm. | |
| 500 | @aFirst ed. published in 1937 under title: Fundamentals of physical optics. | |
| 500 | @aIncludes index. | |
| 650 | 0 | @aOptics. |
| 700 | 10 | @aWhite, Harvey Elliott, @d1902- @ejoint author. @b00 @c20020930 @lNLC09 @h2247 @lNLC09 @h2310 @lNLC09 @h1901 |
| 852 | 9 | @bWWJC @cJ08S @k2 @hO43 @iJFA/1976 |
| Fundamentals of optics / / Francis A. Jenkins, Harvey E. White.-4th ed.-New York : : McGraw-Hill, , c1976. |
| xx, 746 p. : : ill. ; ; 25 cm. |
| First ed. published in 1937 under title: Fundamentals of physical optics.-Includes index. |
| ISBN 0070323305. |
| ● |
| 相关链接 |
|
|
|
|
正题名:Fundamentals of optics
索取号:H31:O436/x2-4
 
预约/预借
| 序号 | 登录号 | 条形码 | 馆藏地/架位号 | 状态 | 备注 |
| 1 | 01602 | 000638153 | 第四借阅区/ [索取号:H31:O436/x2-4] | 在馆 |